000 01073cam a2200229 4500
001 WB3829-17
008 020808n2002 000 0 eng u
035 _a(Sirsi) u119255
245 _aLegislation for business tenancy renewals
260 _c2002
490 _aRICS Westminster News
_v 29 July 2002 (1)
520 _aMinister for Regeneration, Tony McNulty MP, has introduced a Draft Regulatory Reform Order aimed at revising the current system of business tenancy renewal. The framework of the Landlord and Tenant Act 1954 remains the same, but the legislation will reform the workings of the Act to make it easier to contract out of security of tenure and allow the tenant to apply for interim rent. For more information contact David Melhuish e [email protected] or t +44(0) 207695 1535
590 _aWB
650 _aTENANCY RENEWAL
650 _aBUSINESS TENANCIES
650 _aLANDLORD AND TENANT ACT 1954
650 _aSECURITY OF TENURE
650 _aINTERIM RENTS
650 _aREFORM
690 _aPROPERTY-LANDLORD AND TENANT
942 _n0
999 _c70926
_d70926